000 00511nam a2200181 i 4500
001 31899
003 ES-MaACL
005 20230906154453.0
007 t|
008 030130s1963 sp ||||1| spa d
100 1 _aBedos, F.
_927003
245 1 3 _aLa hipertensión vásculorrenal /
_cpor F. Bedos y L. Durán.
260 _aBarcelona :
_bToray,
_c1963.
300 _aXVI, 251 p. :
_bil. ;
_c22 cm.
650 4 _aHipertensión.
_9147072
700 1 _aDurán, L.
_946189
852 _aES-MaACL
_jC-23036
_bR.51879
999 _c31899
_d31899